000 00352nam a2200145Ia 4500
008 150201s2002 xx 000 0 und d
082 _a616
_bE2002J
100 _aJOSEPH, BERTINO
245 _aENCYCLOPEDIA OF CANCER-2
250 _a2ND
260 _bACADEMIC PRESS
_aSEN DIAGO
_c2002
300 _a1-569
650 _aORAL PATHOLOGY
942 _2ddc
_cBK
999 _c4397
_d4397